Регионална библиотека "Любен Каравелов" - Русе

Идентичности в преход (Запис номер 76474)

MARC детайли
000 -Лидер
Контролно поле с фиксирана дължина 02507nam a2200409 c 4500
003 - Код на организацията, давaща контролен номер
Контролно поле BLK
005 - Дата и час на последна редакция
Контролно поле 20230809140044.0
008 - Елементи от данни с фиксирана дължина
fixed length control field 180408b bul|||||r ||||||| ||bul||
010 ## - Наследен системен номер
LC control number KNG00080906000
020 ## - Международен стандартен номер на книга ISBN
Международен стандартен номер на книга ISBN 978-954-796-032-9
-- издат.: Полис
040 ## - Източник на каталожния запис
Идентификатор на билиотеката - собственик на записа BLK
041 ## - Код за език
Код за езика на текст/звукозапис или на отделно заглавие Български
Код за езика КДБФ Български
072 #7 - Код за тематичната категория
Код организация bullib
Код за тематична категория Н31
Текст Социология Н
080 ## - УДК
Текстов определител УДК Социология на комуникацията. Социология на средствата за масови комуникации, за масова култура и пропаганда. Аудиовизия(социол. аспекти)
УДК код - определител по УДК 316.77
УДК определител (497.2)
УДК - код + определител 316.77(497.2)
139 ## - Редно поле
Редна дума Идентичности в преход
Авторски знак Ид - И 31
245 10 - Сведения за заглавието
Заглавие Идентичности в преход
Подзаглавни данни Род, медии и популярна култура в България след 1989 г.
Редно поле (дума) състав. Милена Георгиева Кирова; състав. Корнелия Димова Славова.
257 ## - Страна на издаване
Страна на създаване/издаване България
260 ## - Област на издателските данни
-- София
Име на издателя, разпространителя и проч. Полис
Година на издаване 2010
Печатница София : Симолини-94
300 ## - Физическа характеристика
Страници 256 с.
Илюстрации и др. с табл., 4 л. : цв. ил.
Размери/Мащаб 22 см
380 ## - Жанр
Жанр Обществени науки
500 ## - Общи забележки
Забележка Изд.. на Бълг. асоц. на унив. жени. Проект Родови идентичности в преход: ролята на медиите и масовата култура в България преди и след 1989 г. - Библиогр. след някои материали. - Съдържа и Пришълецът, или ужасът от раждането в съвременната западна митология / Марика Мойсееф ; Прев.от фр. Аксиния Михайлова.
650 #4 - Допълнително описание по предмет – тема
Основно описание – тема или топоним Култура - България - социологични и философско-исторически проблеми
9 (RLIN) 249262
650 #4 - Допълнително описание по предмет – тема
Основно описание – тема или топоним Средства за масова информация
9 (RLIN) 270560
653 ## - Ключова дума – ненормативна
Ключова дума комуникации
653 ## - Ключова дума – ненормативна
Ключова дума масови комуникации
653 ## - Ключова дума – ненормативна
Ключова дума масова култура
653 ## - Ключова дума – ненормативна
Ключова дума идентичност
659 ## - Тематичен бюлетин
Тематичен бюлетин Н
700 ## - Други автори (авторска отговорност)
Лично име Кирова, Милена Георгиева
9 (RLIN) 251220
700 1# - Други автори (авторска отговорност)
Лично име Славова, Корнелия Димова
Автороска отговорност (Описва отношението между автора и произведението) състав.
9 (RLIN) 369065
852 ## - Местоположение
Форматна сигнатура Цб 253460
856 4# - Електронен адрес и достъп
Електронен формат pdf - файл
Път до файла /url/
856 4# - Електронен адрес и достъп
Електронен формат pdf - файл
Път до файла /url/
942 ## - АРТИКУЛИ
Вид на библиотечния материал Книги
Скрит в OPAC Не
944 ## - СЪЗДАВАНЕ И РЕДАКЦИЯ на ЗАПИСА
Създаване/Редакция Създаване
Дата на регистрацията/редакция 03.11.2011
Служител, извършил регистрацията/редакцията 30560
Статус, дата на статуса Геновева Генчева
944 ## - СЪЗДАВАНЕ И РЕДАКЦИЯ на ЗАПИСА
Създаване/Редакция Редакция
Дата на регистрацията/редакция 10.05.2012
Служител, извършил регистрацията/редакцията
999 ## - СИСТЕМНИ КОНТРОЛНИ НОМЕРА
Koha biblionumber 76474
Koha biblioitemnumber 76474
Наличности
Код за отписване Код за изгубен артикул Код за повреда Коз за рестрикции Код за отдаване Артикулен № Име на библиотеката - собственик Име на библиотеката, в която се намира в момента Статус (Текущо местоположение) Дата на вписване в системата Местоположение - отдел Цена в лева Инвентарен номер Систематично азбучна сигнатура Баркод Номер на екземпляра Цена в евро Служебна бележка Служебен тип на артикула
  Не е изгубен Не е повреден без рестрикции ползва се в читалня 124241 Регионална библиотека "Любен Каравелов" Русе Регионална библиотека "Любен Каравелов" Русе Хранилище 2011-11-03 Хранилище 8.00 120000754090 Цб 253460 120000754090 1 4.09 Дост: Dp Вид: Д N: 12 Дата: 21.03.2011 Книги
Vip Innovations Ltd, Rousse, Bulgaria 2025